000 00503nam a2200145Ia 4500
008 100415s9999 xx 000 0 und d
082 _b4169
_a500
100 _aP.N.I
245 _aProceedings Of The National Institute Of Sciences Of India Vol.4
260 _aCalcatta
_c1938
_bNational Institute Of Sciences
365 _b0
630 _aProceedings Of The National Institute Of Sciences Of India Vol.4
730 _aProceedings Of The National Institute Of Sciences Of India Vol.4
942 _cBOOK
999 _c587154
_d587151